Dávkovacie zariadenie hydrazínu

Bibliographic Details
Corporate Author: SIEMENS AKTIENGESELLSCHAFT (Mníchov, Nemecko) (Patent holder)
Other Authors: Fandrich, Jörg (Originator), Gassmann, Jörg (Originator), Gerlach, André (Originator)
Format: Book
Language:Slovak
PhysicalDescription:9 s. obr. 30 cm
Published: [Banská Bystrica] Úrad priemyselného vlastníctva SR [2011]
Subjects:

MARC

LEADER 00000nam a2200000 a 4500
001 vtls010274558
003 SK-MaSNL
005 20260331210025.0
008 251120s2011 xo ka j f000 0 slo
013 |a 287635  |b SK  |c patent  |d 20110405  |e dátum nadobudnutia účinkov patentu (Vestník ÚPV SR č.: 4/2011)  |d 20110325  |e dátum sprístupnenia patentu 
013 |a 1137-2002  |e číslo prihlášky  |d 20010202  |e dátum podania prihlášky  |d 20030401  |e dátum zverejnenia prihlášky (Vestník ÚPV SR č.: 4/2003) 
013 |a 100 06 455.8  |e číslo prioritnej prihlášky  |d 20000214  |e dátum podania prioritnej prihlášky  |b DE  |e kód krajiny prioritnej prihlášky 
015 |a SNBN2013 
040 |a SNK  |b slo  |c SNK  |e AACR2 
041 0 |a slo 
044 |a xo  |c SK 
072 7 |a 621.3  |x Elektrotechnika  |2 konspekt 
080 |a 621.311.2  |2 2001 
080 |a 621.86.08  |2 2001 
084 |a G05B 23/02  |2 IPC 
084 |a G05B 13/02  |2 IPC 
100 1 |a Fandrich, Jörg  |4 org  |9 327684 
245 1 0 |a Dávkovacie zariadenie hydrazínu  |c Jörg Fandrich, Jörg Gassmann, André Gerlach ; patent. zást. Eva Bušová 
260 |a [Banská Bystrica]  |b Úrad priemyselného vlastníctva SR  |c [2011] 
300 |a 9 s.  |b obr.  |c 30 cm 
650 0 7 |a elektrárne  |2 SVKBBPH  |9 26895 
650 0 7 |a dávkovacie zariadenia  |2 SVKBBPH  |9 327685 
655 7 |a patenty  |2 SVKBBPH  |9 177343 
700 1 |a Gassmann, Jörg  |4 org  |9 327686 
700 1 |a Gerlach, André  |4 org  |9 327687 
700 1 |a Bušová, Eva  |4 oth  |9 297878 
710 2 |a SIEMENS AKTIENGESELLSCHAFT (Mníchov, Nemecko)  |4 pth  |9 327688 
852 |a Štátna vedecká knižnica v Banskej Bystrici 
999 |c 577192  |d 579122 
952 |a SNK  |b SNK  |y PREZ  |7 0  |p 17A1057969  |o snkSK 287635  |i snk2012/24879  |8 0  |0 0  |1 0  |4 0  |d 2012-12-03  |l 0  |r 2026-02-23 14:37:34  |w 2026-02-23